Nicaragua: un momento decisivo en su historia

Guardado en:
Bibliografiske detaljer
Format: Texto
Fag:
Tags: Tilføj Tag
Ingen Tags, Vær først til at tagge denne postø!

MARC

LEADER 00000 a a2200000 04500
001 17862
003
040
245 |a Nicaragua:   |b un momento decisivo en su historia  
650 |a POLITICA  
650 |a PARTIDOS POLITICOS  
650 |a NICARAGUA  
773 |g volumen 3, número 29; páginas 225  
999 |c 23620  |d 23620 
773 0 |0 42391  |9 4000  |a Agencia Latinoamericana de Información, ALAI  |d Quito, Ecuador: ALAI  |o 03870  |t ALAI:  |x 08275564 (Servicio mensual de información y documentación)